| 000 | 00557nam a2200229 a 4500 | ||
|---|---|---|---|
| 001 | nice12345678 | ||
| 003 | IN_TiNIC | ||
| 005 | 20260116014219.0 | ||
| 008 | 100105s2009 newa grp 000 0 eng | ||
| 020 |
_a8180696111 _c950 |
||
| 082 | 0 | 0 |
_a248 _bTAN |
| 100 | _aTanner, R E S | ||
| 245 | _aSpirituality and Well-Being | ||
| 260 |
_aNew Delhi _bConcept Pub Co _c2009 |
||
| 300 | _a348p | ||
| 500 | _aincludes index and biblioraphy | ||
| 650 | _aSpirituality | ||
| 700 | 1 | _aTanner, R E S | |
| 902 | _bSRS | ||
| 942 | _cBK | ||
| 999 |
_c14357 _d14357 |
||